00273nam a2200109Ia 4500008004100000100001400041245004600055260002800101650001000129942000700139999001700146190216s9999||||xx |||||||||||||| ||und|| aSreesaran 0aHindi-Mitti Kutti Ka Kam Aur Uske Sidanth bJanayan Prakashanc2003 aHindi cBK c15386d15386